| 000 | 00388nam a2200169Ia 4500 | ||
|---|---|---|---|
| 001 | 24030 | ||
| 003 | IN-NITTTR | ||
| 005 | 20251114233309.0 | ||
| 008 | 251113s9999||||xx |||||||||||||| ||eng|| | ||
| 040 | _beng | ||
| 040 | _cIN-NITTTR | ||
| 041 | _aeng | ||
| 082 | _a621.31924 R13S | ||
| 100 | _aRao, Sunil S. | ||
| 245 | 0 |
_aSwitchgear and protection / _cRao, Sunil S. |
|
| 942 |
_2ddc _cBK |
||
| 999 |
_c26659 _d26659 |
||